Memòria 1983 - 1987 : serveis socials en transformació / Diputació de Barcelona. Servei de Serveis Socials serveis socials en transformació / Diputació de Barcelona. Servei de Serveis Socials
Descripción Física:
78 p. : il. ; 23'5 cm
Colección:
Col·lecció Serveis Socials ; 4
MARC
| LEADER | 00000nam a2200000Ia 4500 | ||
|---|---|---|---|
| 001 | 4958 | ||
| 008 | 160829s1987 xx 000 0 cat d | ||
| 080 | |a S-1-39 | ||
| 110 | |a Barcelona (Catalunya : Província). |b Servei de Serveis Socials |9 2896 | ||
| 245 | |a Memòria 1983 - 1987 : |b serveis socials en transformació / Diputació de Barcelona. Servei de Serveis Socials | ||
| 260 | |a Barcelona : |b [el Servei], |c 1987 | ||
| 300 | |a 78 p. : |b il. ; |c 23'5 cm | ||
| 490 | |a Col·lecció Serveis Socials ; 4 | ||
| 610 | 0 | |9 2896 |a Barcelona (Catalunya : Província). |b Servei de Serveis Socials | |
| 901 | |a Arxiu | ||
| 942 | |n 1 |2 udc | ||
| 952 | |0 0 |1 0 |4 0 |6 S139 |7 1 |9 44868 |a Arxiu |b Arxiu |d 2016-12-01 |l 0 |o S-1-39 |p 4958 |r 2016-12-01 00:00:00 |w 2016-12-01 |y ARXIU | ||
| 999 | |c 47466 |d 47466 | ||